000 00711nam a22002297a 4500
999 _c378272
_d378272
001 92016
003 UA-OsUOA
005 20190924104840.0
007 ta
008 20121210b un ||||| |||| 00| 0 ukr d
040 _aUA-OsUOA
_bukr
_cUA-OsUOA
_dUA-OsUOA
041 _aukr
080 _a821.161.2
090 _a821.161.2
_bЧ-43
100 _aЧендей І
245 _aТеплий дощ
_bповісті, оповідання
_cІван Чендей ; ред. Г. Т. Крижанівський
260 _aК.
_bРадянський письменник
_c1979
300 _a348 с.
650 7 _a82 Література. Літературознавство
_2UDC
942 _cBK
_2udc
955 _a3